Jornadas de derecho de la empresa

Bibliographic Details
Corporate Author: Jornadas de Derecho de la Empresa (9®: 2005: Piura)
Format: Conference Proceeding eBook
Language:Spanish
Published: Lima : Palestra Editores, 2006
Subjects:
Online Access:Acceso restringido

MARC

LEADER 00000nam a22000007a 4500
005 20120423141135.0
007 cr|||| ||||
008 120423s2006 pe |||||s|||| 00||0 spa d
020 |a 9972-224-11-2 
035 |a 6459 
040 |a vLex 
090 |c 3141  |d 3141 
111 1 |a Jornadas de Derecho de la Empresa (9®: 2005: Piura) 
245 1 0 |a Jornadas de derecho de la empresa  |h [Recurso electrn̤ico]  
256 |a Servicio en ln̕ea 
260 |a Lima :  |b Palestra Editores,  |c 2006 
300 |a 1 recurso electrn̤ico 
506 1 |a Contenido solo disponible en los productos indicados  |d vLex Global   |d vLex Global (Academic Edition, excluding Law Schools)   |d vLex Global (U.S. Academic Edition, Law Schools)   |d vLex Global (U.S. Academic Edition, excluding Law Schools)   |d vLex Global (Academic Edition, Law Schools)  
650 0 4 |a Empresas   |x Derecho y legislacin̤  |z Colombia 
740 0 |a vLex Libros (Servicio en ln̕ea) 
856 4 0 |u http://vlex.com/source/jornadas-derecho-empresa-6459  |z Acceso restringido 
942 |c BOOK 
999 0 |a Business enterprises--Law and legislation